Statistics for World Capitals Closest to Victoria

Click here to take the quiz!

General Stats

  • This quiz has been taken 85 times
    (81 since last reset)
  • The average score is 16 of 20

Answer Stats

kmcapitalmiles% Correct
1343Mogadishu835
94%
2106Nairobi1309
94%
2262Djibouti1406
93%
2393Addis Ababa1487
90%
1808Antananarivo1124
87%
2605Kampala1619
87%
2549Sana'a1584
87%
2873Asmara1785
85%
2837Kigali1763
85%
3160Muscat1964
85%
2192Dodoma1362
84%
2838Gitega1764
81%
2854Juba1773
81%
2234Malé1388
79%
1745Port Louis1084
79%
1558Moroni968
78%
2595Lilongwe1632
75%
3206Lusaka1992
68%
3042Harare1890
66%
3002Colombo1866
65%

Score Distribution

Percentile by Number Answered

Percent of People with Each Score

Your Score History

You have not taken this quiz since the last reset